Staffing for Adequate Fire and Emergency Response : The SAFER Grant Program.

Discusses the Staffing for Adequate Fire and Emergency Response Act (SAFER), which authorizes grants to local fire departments to pay for salaries and benefits of new firefighters. Reviews FY2009-FY2010 appropriations, SAFER program implementation, and issues in the 111th Congress.

Bibliographic Details
Corporate Authors: Library of Congress. Congressional Research Service, ProQuest (Firm)
Format: eBook
Language:English
Published: [Place of publication not identified] : [publisher not identified], 2009.
Series:U.S. Congressional Research.
Subjects:
Online Access:Connect to the full text of this electronic book

MARC

Tag First Indicator Second Indicator Subfields
LEADER 00000cam a22000001a 4500
001 in00003406113
006 m d f
007 cr bn mmmapmmp
008 101101s2009 dcu o f000 0 eng d
005 20260430210648.6
035 |a cis2007872312 
040 |a ProQuest  |c ProQuest  |d UtOrBLW 
043 |a n-us--- 
099 |a CRS-2009-RSI-0655 
110 2 |a Library of Congress.  |b Congressional Research Service. 
245 1 0 |a Staffing for Adequate Fire and Emergency Response :  |b The SAFER Grant Program. 
264 1 |a [Place of publication not identified] :  |b [publisher not identified],  |c 2009. 
300 |a 1 online resource. 
336 |a text  |b txt  |2 rdacontent 
337 |a computer  |b c  |2 rdamedia 
338 |a online resource  |b cr  |2 rdacarrier 
500 |a Record is based on bibliographic data in ProQuest U.S. Congressional Research Digital Collection (last viewed Dec. 2010). Reuse except for individual research requires license from ProQuest, LLC. 
500 |a CRS Report. 
520 |a Discusses the Staffing for Adequate Fire and Emergency Response Act (SAFER), which authorizes grants to local fire departments to pay for salaries and benefits of new firefighters. Reviews FY2009-FY2010 appropriations, SAFER program implementation, and issues in the 111th Congress. 
500 |a Electronic resource. 
650 0 |a Occupations. 
650 0 |a Fire fighters. 
650 0 |a Wages. 
655 7 |a Electronic books.  |2 local 
710 2 |a ProQuest (Firm) 
776 0 8 |i Microfiche version:   |a Library of Congress. Congressional Research Service.  |t Staffing for Adequate Fire and Emergency Response 
830 0 |a U.S. Congressional Research. 
856 4 0 |u http://proxy.library.tamu.edu/login?url=https://congressional.proquest.com/congcomp/getdoc?CRDC-ID=CRS-2009-RSI-0655  |z Connect to the full text of this electronic book  |t 0 
999 |a MARS 
999 f f |s a7156f1e-bfa5-38b3-97cb-6f668a927152  |i b8ab80fd-1ecf-3fbc-8a78-a874ab60a89c  |t 0 
952 f f |a Texas A&M University  |b College Station  |c Electronic Resources  |s www_evans  |d Available Online  |t 0  |e CRS-2009-RSI-0655  |h Other scheme 
998 f f |a CRS-2009-RSI-0655  |t 0  |l Available Online